000 00585nam a2200229Ia 4500
001 11204
005 20240113235301.0
007 ta
008 050809s a g b000 u ben u
040 _aCotton College Assam
041 _aben
082 _a104
_bT 939 J
100 _aTribedi, R.S. .
245 0 _aGigyasa /
_cR.S. Tribedi.
_hTextual Documents
250 _a1st ed /
260 _aCalcutta :
_bAnukul Ch. Ghosh ,
_cnd.
300 _a420p. :
_bill ;
_c17cm. .
653 _aBengali Literature
942 _2ddc
_cBK
999 _c11191
_d11191